2019 Ballon d'Or Rankings - Statistics

General Stats
  • This quiz has been taken 30 times
  • The average score is 9 of 10
Answer Stats
Country Player % Correct
Portugal Cristiano Ronaldo
100%
France Kylian Mbappe
100%
Argentina Lionel Messi
100%
Egypt Mohamed Salah
100%
Poland Robert Lewandowski
97%
Senegal Sadio Mane
97%
Netherlands Virgil Van Dijk
97%
Algeria Riyad Mahrez
93%
Portugal Bernardo Silva
83%
Brazil Alisson
67%
No matching quizzes found
Score Distribution
Percent of People with Each Score
Percentile by Number Answered
Your Score History
You have not taken this quiz